[Event "NATO-ch 31st"]
[Site "Blankenberge"]
[Date "2021.10.12"]
[Round "3.27"]
[White "Deneyer, Frank"]
[Black "Cheung, Jan W"]
[Result "1-0"]
[WhiteElo "1792"]
[BlackElo "2013"]
[PlyCount "107"]
[EventDate "2021.10.11"]
[EventType "team-swiss"]
[EventRounds "7"]
[EventCountry "BEL"]
[SourceTitle "CBM 204 Extra"]
[Source "ChessBase"]
[SourceDate "2021.11.30"]
[SourceVersion "1"]
[SourceVersionDate "2021.11.30"]
[SourceQuality "1"]
[WhiteTeam "Belgium"]
[BlackTeam "Netherlands"]
[WhiteTeamCountry "BEL"]
[BlackTeamCountry "NED"]

1. e4 c5 2. d4 cxd4 3. c3 dxc3 4. Nxc3 Nc6 5. Nf3 e6 6. Bc4 a6 7. 0-0 b5 8. Bb3 Na5 9. Bf4 Ne7 10. Rc1 Ra7 11. Bg5 d6 12. Be3 Rd7 13. Ng5 Nxb3 14. Qxb3 Ng6 15. f4 h6 16. f5 exf5 17. exf5 Ne5 18. Nge4 Bb7 19. f6 Qa8 20. Qc2 b4 21. Rcd1 g6 22. Bf4 bxc3 23. Nxc3 Bxg2 24. Qxg2 Qxg2+ 25. Kxg2 g5 26. Bg3 Ng6 27. Rd4 h5 28. Rfd1 Nh4+ 29. Bxh4 gxh4 30. Kh3 Rh6 31. Ne4 Rg6 32. Nxd6+ Bxd6 33. Rxd6 Rxd6 34. Rxd6 a5 35. b3 Rg4 36. Ra6 Rf4 37. Rxa5 Rxf6 38. Kxh4 Rf2 39. h3 Rh2 40. a4 Ke7 41. Rxh5 Ke6 42. Rb5 f5 43. Kg3 Rd2 44. b4 Rd3+ 45. Kh4 Rd4+ 46. Kg3 Rd3+ 47. Kg2 Rd2+ 48. Kf1 Rh2 49. a5 Rxh3 50. a6 Rh8 51. a7 Ra8 52. Rb7 Ke5 53. b5 Ke4 54. b6 1-0

[Event "NATO-ch 31st"]
[Site "Blankenberge"]
[Date "2021.10.11"]
[Round "1.27"]
[White "Deneyer, Frank"]
[Black "Verlaine, Alex"]
[Result "1-0"]
[WhiteElo "1792"]
[BlackElo "2063"]
[PlyCount "59"]
[EventDate "2021.10.11"]
[EventType "team-swiss"]
[EventRounds "7"]
[EventCountry "BEL"]
[SourceTitle "CBM 204 Extra"]
[Source "ChessBase"]
[SourceDate "2021.11.30"]
[SourceVersion "1"]
[SourceVersionDate "2021.11.30"]
[SourceQuality "1"]
[WhiteTeam "Belgium"]
[BlackTeam "Luxembourg"]
[WhiteTeamCountry "BEL"]
[BlackTeamCountry "LUX"]

1. e4 c6 2. d4 d5 3. e5 Bf5 4. Nf3 e6 5. Be2 h5 6. Nc3 Be7 7. Be3 Nd7 8. a3 h4 9. h3 f6 10. Bd3 Bxd3 11. Qxd3 f5 12. Ne2 g5 13. g3 hxg3 14. fxg3 g4 15. Nd2 gxh3 16. 0-0-0 c5 17. Nf4 c4 18. Nxc4 dxc4 19. Qxc4 Nf8 20. Nxe6 Nxe6 21. Qxe6 Qb6 22. Qxf5 h2 23. Qf2 0-0-0 24. d5 Qg6 25. Kb1 Rf8 26. Qd2 Qxg3 27. Qc3+ Kd7 28. e6+ Ke8 29. Qc8+ Bd8 30. Qd7# 1-0

[Event "Vaujany op-B 10th"]
[Site "Vaujany"]
[Date "2019.07.17"]
[Round "7"]
[White "Trevisiol, Antoine"]
[Black "Deneyer, Frank"]
[Result "1/2-1/2"]
[WhiteElo "1687"]
[BlackElo "1870"]
[PlyCount "79"]
[EventDate "2019.07.11"]
[EventType "swiss"]
[EventRounds "9"]
[EventCountry "FRA"]
[SourceTitle "EXT 2025"]
[Source "ChessBase"]
[SourceDate "2024.10.14"]
[SourceVersion "1"]
[SourceVersionDate "2024.10.14"]
[SourceQuality "1"]

1. d4 Nf6 2. c4 g6 3. Nc3 Bg7 4. e4 d6 5. f3 0-0 6. Be3 c5 7. dxc5 dxc5 8. Qxd8 Rxd8 9. Bxc5 Nc6 10. Nge2 Nd7 11. Be3 Nf8 12. Rd1 Be6 13. b3 Rxd1+ 14. Nxd1 Nb4 15. Nec3 Nc2+ 16. Kd2 Nxe3 17. Nxe3 Rd8+ 18. Kc2 Bh6 19. Ned5 Bxd5 20. cxd5 Rc8 21. Bc4 a6 22. a4 Nd7 23. g3 Bg7 24. f4 Bxc3 25. Kxc3 b5 26. axb5 axb5 27. Kd4 bxc4 28. bxc4 Kf8 29. Rc1 Ra8 30. c5 Ra4+ 31. Rc4 Rxc4+ 32. Kxc4 Ke8 33. e5 e6 34. dxe6 fxe6 35. c6 Nb6+ 36. Kb5 Nd5 37. Ka6 Kd8 38. Kb7 h6 39. h3 Nc7 40. Kb8 1/2-1/2

[Event "Vaujany op 10th Op B"]
[Site "Vaujany"]
[Date "2019.07.13"]
[Round "3"]
[White "Breuil, Tristan"]
[Black "Deneyer, Frank"]
[Result "0-1"]
[WhiteElo "1650"]
[BlackElo "1870"]
[PlyCount "72"]
[EventDate "2019.07.11"]
[EventType "swiss"]
[EventRounds "9"]
[EventCountry "FRA"]
[SourceTitle "EXT 2020"]
[Source "ChessBase"]
[SourceDate "2019.10.17"]
[SourceVersion "1"]
[SourceVersionDate "2019.10.17"]
[SourceQuality "1"]

1. e4 c5 2. Nf3 g6 3. d4 cxd4 4. Nxd4 Bg7 5. Nc3 Nc6 6. Be3 Nf6 7. f3 0-0 8. Qd2 d5 9. Nxd5 Nxd5 10. exd5 Qxd5 11. Nxc6 Qxc6 12. c3 Be6 13. Qc2 Bf5 14. Bd3 Bxd3 15. Qxd3 Rfd8 16. Qc2 Qc4 17. Kf2 Bd4 18. Bxd4 Rxd4 19. Qe2 Qxe2+ 20. Kxe2 Rd6 21. Rhd1 Rad8 22. c4 e5 23. b4 f5 24. a4 Kf7 25. Rac1 Rxd1 26. Rxd1 Rxd1 27. Kxd1 Ke6 28. Ke2 a5 29. g4 axb4 30. Kd3 Kd6 31. g5 Kc5 32. a5 b3 33. Kc3 b2 34. Kxb2 Kxc4 35. Kc2 Kb5 36. Kd3 Kxa5 0-1

[Event "Vaujany op-B 10th"]
[Site "Vaujany"]
[Date "2019.07.11"]
[Round "1"]
[White "Jean, Robert"]
[Black "Deneyer, Frank"]
[Result "0-1"]
[WhiteElo "1564"]
[BlackElo "1870"]
[PlyCount "78"]
[EventDate "2019.07.11"]
[EventType "swiss"]
[EventRounds "9"]
[EventCountry "FRA"]
[SourceTitle "EXT 2025"]
[Source "ChessBase"]
[SourceDate "2024.10.14"]
[SourceVersion "1"]
[SourceVersionDate "2024.10.14"]
[SourceQuality "1"]

1. c4 Nf6 2. g3 d5 3. cxd5 Qxd5 4. Nf3 c6 5. Nc3 Qh5 6. h3 e5 7. d3 Bb4 8. Bd2 Nbd7 9. Bg2 h6 10. Nh4 e4 11. dxe4 Ne5 12. a3 Bd6 13. f4 Nc4 14. e5 Nxe5 15. fxe5 Bxe5 16. Kf2 g5 17. Nf3 Bc7 18. g4 Qg6 19. Re1 h5 20. Bxg5 hxg4 21. Bxf6 gxh3 22. Rg1 Qxf6 23. Bh1 Bf5 24. Qc1 Bb6+ 25. Kf1 Bxg1 26. Nxg1 0-0-0 27. Nf3 Bg4 28. Qg5 Qxg5 29. Nxg5 Rhg8 30. Nxf7 Rdf8 31. Ne4 Rxf7+ 32. Ke1 Re7 33. Rd1 Kc7 34. Rd2 Rd8 35. e3 Rxd2 36. Kxd2 Rd7+ 37. Kc3 Rd1 38. Nf2 Rxh1 39. Nxh1 Bf3 0-1

[Event "NATO-ch 26th"]
[Site "Amsterdam"]
[Date "2015.07.10"]
[Round "7.44"]
[White "Deneyer, Frank"]
[Black "Van den Heuvel, Tonnie"]
[Result "1-0"]
[WhiteElo "1693"]
[BlackElo "1885"]
[PlyCount "45"]
[EventDate "2015.07.06"]
[EventType "swiss"]
[EventRounds "7"]
[EventCountry "NED"]
[SourceTitle "EXT 2016"]
[Source "ChessBase"]
[SourceDate "2015.10.08"]
[SourceVersion "1"]
[SourceVersionDate "2015.10.08"]
[SourceQuality "1"]
[WhiteTeam "Belgium"]
[BlackTeam "Netherlands"]
[WhiteTeamCountry "BEL"]
[BlackTeamCountry "NED"]

1. e4 b6 2. d4 e6 3. Nc3 Bb7 4. Nf3 Nf6 5. e5 Ne4 6. Bd3 Bb4 7. Bd2 Nxd2 8. Qxd2 c5 9. a3 Ba5 10. Qf4 Qe7 11. 0-0 Bxc3 12. bxc3 h6 13. Rfe1 Nc6 14. Nd2 g5 15. Qf3 0-0-0 16. Ne4 cxd4 17. Nd6+ Kb8 18. cxd4 Ba8 19. Qe3 f5 20. Rab1 Rdf8 21. d5 f4 22. Rxb6+ Kc7 23. Rxc6+ 1-0

[Event "NATO-ch 26th"]
[Site "Amsterdam"]
[Date "2015.07.09"]
[Round "6.50"]
[White "Murray, Brian"]
[Black "Deneyer, Frank"]
[Result "0-1"]
[WhiteElo "1531"]
[BlackElo "1693"]
[PlyCount "94"]
[EventDate "2015.07.06"]
[EventType "swiss"]
[EventRounds "7"]
[EventCountry "NED"]
[SourceTitle "EXT 2016"]
[Source "ChessBase"]
[SourceDate "2015.10.08"]
[SourceVersion "1"]
[SourceVersionDate "2015.10.08"]
[SourceQuality "1"]
[WhiteTeam "Canada"]
[BlackTeam "Belgium"]
[WhiteTeamCountry "CAN"]
[BlackTeamCountry "BEL"]

1. e4 c5 2. Nf3 d6 3. d3 Nc6 4. c3 Nf6 5. Be2 g6 6. 0-0 Bg7 7. a3 a5 8. a4 0-0 9. Na3 Bd7 10. Nb5 Na7 11. c4 Nc6 12. Re1 Ne8 13. d4 cxd4 14. Nfxd4 Nxd4 15. Nxd4 Bc6 16. Nxc6 bxc6 17. Rb1 Rb8 18. b3 Nf6 19. Qc2 Nd7 20. Be3 c5 21. Red1 Qc7 22. Bf4 Be5 23. Bh6 Rfc8 24. Bg4 Rb7 25. Bxd7 Qxd7 26. f4 Bd4+ 27. Kh1 f6 28. Qe2 Rcb8 29. Qf3 Kh8 30. Rd3 Rb4 31. Qd1 Qxa4 32. h4 Qc6 33. e5 dxe5 34. fxe5 fxe5 35. Rf3 e4 36. Rf8+ Rxf8 37. Bxf8 Qf6 38. Qg4 Qxf8 39. Qd7 Qf6 40. g3 Qf3+ 41. Kh2 e3 42. Qe8+ Kg7 43. Qxe7+ Qf7 44. Qe4 Rb8 45. Qg4 Re8 46. h5 e2 47. h6+ Kg8 0-1

[Event "NATO-ch 26th"]
[Site "Amsterdam"]
[Date "2015.07.08"]
[Round "4.50"]
[White "Ulusoy, Mustafa"]
[Black "Deneyer, Frank"]
[Result "0-1"]
[WhiteElo "1624"]
[BlackElo "1693"]
[PlyCount "90"]
[EventDate "2015.07.06"]
[EventType "swiss"]
[EventRounds "7"]
[EventCountry "NED"]
[SourceTitle "EXT 2016"]
[Source "ChessBase"]
[SourceDate "2015.10.08"]
[SourceVersion "1"]
[SourceVersionDate "2015.10.08"]
[SourceQuality "1"]
[WhiteTeam "NATO II"]
[BlackTeam "Belgium"]
[BlackTeamCountry "BEL"]

1. d4 Nf6 2. c4 g6 3. Nc3 Bg7 4. e3 0-0 5. g3 d5 6. cxd5 Nxd5 7. Nxd5 Qxd5 8. Qf3 Qa5+ 9. Bd2 Qb6 10. b3 Nc6 11. Rc1 a5 12. Qd1 Rd8 13. Bg2 Nb4 14. Bxb4 Qxb4+ 15. Qd2 Qxd2+ 16. Kxd2 c6 17. Ke2 a4 18. b4 a3 19. Nf3 Ra4 20. Rc3 Be6 21. Ra1 Rda8 22. Ng5 Rxb4 23. Nxe6 fxe6 24. Kd2 e5 25. Rb3 Rxb3 26. axb3 exd4 27. Ra2 dxe3+ 28. Kxe3 Bb2 29. Be4 Ra5 30. Kd3 Kf7 31. f4 h5 32. b4 Rb5 33. Kc4 h4 34. Bf3 hxg3 35. hxg3 g5 36. fxg5 Kg6 37. Kb3 Kxg5 38. g4 Kf4 39. Be2 Re5 40. Bd3 Re3 41. Kc2 e5 42. Bf5 e4 43. Bc8 Rc3+ 44. Kd2 e3+ 45. Ke2 Rc2+ 0-1

[Event "NATO-ch 25th"]
[Site "Quebec"]
[Date "2014.09.11"]
[Round "5"]
[White "Tremblay, Mario"]
[Black "Deneyer, Frank"]
[Result "0-1"]
[WhiteElo "1653"]
[BlackElo "1736"]
[PlyCount "90"]
[EventDate "2014.09.08"]
[EventType "team-swiss"]
[EventRounds "7"]
[EventCountry "CAN"]
[SourceTitle "EXT 2015"]
[Source "ChessBase"]
[SourceDate "2014.11.20"]
[SourceVersion "1"]
[SourceVersionDate "2014.11.20"]
[SourceQuality "1"]
[WhiteTeam "Canada"]
[BlackTeam "Belgium"]
[WhiteTeamCountry "CAN"]
[BlackTeamCountry "BEL"]

1. e4 d6 2. f4 g6 3. Nf3 Bg7 4. Bc4 Nf6 5. Nc3 Nxe4 6. Bxf7+ Kxf7 7. Nxe4 Rf8 8. 0-0 Kg8 9. d4 Bg4 10. c3 d5 11. Nc5 b6 12. Nd3 Nd7 13. Qe1 Bf5 14. Nde5 Nxe5 15. Nxe5 Be4 16. Be3 Qc8 17. Qg3 Qd8 18. Rf2 Qd6 19. Raf1 a5 20. Qh3 e6 21. Nf3 Bxf3 22. Rxf3 c5 23. Rd1 c4 24. Re1 b5 25. Bf2 Rae8 26. Rfe3 Qxf4 27. Bg3 Qf5 28. Qxf5 Rxf5 29. Rxe6 Rxe6 30. Rxe6 Bh6 31. b3 Kf7 32. Re2 b4 33. Be1 Bf8 34. Rf2 bxc3 35. Rxf5+ gxf5 36. Bxc3 Bb4 37. Bxb4 axb4 38. bxc4 dxc4 39. Kf2 Ke6 40. Ke2 Kd5 41. Kd2 Kxd4 42. Kc2 f4 43. h3 h5 44. h4 b3+ 45. axb3 cxb3+ 0-1

[Event "NATO-ch 24th"]
[Site "Rynia"]
[Date "2013.08.15"]
[Round "6"]
[White "Wells, Daniel J"]
[Black "Deneyer, Frank"]
[Result "1/2-1/2"]
[WhiteElo "2023"]
[BlackElo "1825"]
[PlyCount "71"]
[EventDate "2013.08.12"]
[EventType "swiss"]
[EventRounds "7"]
[EventCountry "POL"]
[SourceTitle "CBM 156 Extra"]
[Source "ChessBase"]
[SourceDate "2013.10.22"]
[SourceVersion "1"]
[SourceVersionDate "2013.10.22"]
[SourceQuality "1"]

1. e4 e5 2. Nf3 Nc6 3. Bb5 a6 4. Ba4 Nf6 5. 0-0 b5 6. Bb3 Be7 7. Re1 0-0 8. a4 Bb7 9. d3 d6 10. Nbd2 Na5 11. Ba2 c5 12. Nf1 Qc7 13. Ng3 Nc6 14. Nf5 b4 15. c3 a5 16. d4 Bc8 17. Nxe7+ Nxe7 18. Bg5 Ne8 19. dxe5 dxe5 20. Bxe7 Qxe7 21. Qd5 Ra7 22. Qxe5 Nf6 23. Qxe7 Rxe7 24. e5 Nh5 25. Re3 Rfe8 26. Rae1 Rd8 27. g3 Bb7 28. cxb4 cxb4 29. Bc4 g6 30. Ng5 h6 31. Ne4 Bxe4 32. Rxe4 Ng7 33. f4 Ne6 34. Bxe6 fxe6 35. Kf2 Rc7 36. R1e2 1/2-1/2